000 00324nam a22001337a 4500
020 _a8120322606
082 _222
_a621.38119
100 _aKissell, Thomas E.
245 _aIndustrial electronics /
250 _a3rd ed.
260 _aNew Delhi,
_bPrentice Hall,
_cc2006.
300 _axxiv, 904 p. ;
_bill. ;
942 _2ddc
_cEE
999 _c3760
_d3760